Blood knot : (Record no. 32374)

000 -LEADER
fixed length control field 00679nam a22001817a 4500
008 - FIXED-LENGTH DATA ELEMENTS--GENERAL INFORMATION
fixed length control field 260323b |||||||| |||| 00| 0 eng d
020 ## - INTERNATIONAL STANDARD BOOK NUMBER
International Standard Book Number 9780573640032
050 ## - LIBRARY OF CONGRESS CALL NUMBER
Classification number PR9369.3
Item number .F84 B56 1989
100 ## - MAIN ENTRY--PERSONAL NAME
Personal name Fugard, Athol,
Dates associated with a name author.
245 ## - TITLE STATEMENT
Title Blood knot :
Remainder of title a play in seven scenes /
Statement of responsibility, etc. Athol Fugard.
260 ## - PUBLICATION, DISTRIBUTION, ETC. (IMPRINT)
Place of publication, distribution, etc. New York :
Name of publisher, distributor, etc. Samuel French,
Date of publication, distribution, etc. 1989
300 ## - PHYSICAL DESCRIPTION
Extent 85p. ;
Dimensions 12cm.
520 ## - SUMMARY, ETC.
Summary, etc. A dramatic play exploring themes of race, identity, and brotherhood in apartheid-era South Africa.
650 ## - SUBJECT ADDED ENTRY--TOPICAL TERM
Topical term or geographic name as entry element Brothers
Form subdivision Drama.
650 ## - SUBJECT ADDED ENTRY--TOPICAL TERM
Topical term or geographic name as entry element Apartheid
Form subdivision Drama.
650 ## - SUBJECT ADDED ENTRY--TOPICAL TERM
Topical term or geographic name as entry element South Africa
Form subdivision Drama.
General subdivision Social conditions
942 ## - ADDED ENTRY ELEMENTS (KOHA)
Source of classification or shelving scheme
Koha item type Hard Covered Materials
Classification part PR9369.3.F84 B56 1989
Holdings
Withdrawn status Lost status Source of classification or shelving scheme Damaged status Not for loan Home library Current library Shelving location Date acquired Source of acquisition Cost, normal purchase price Total Checkouts Full call number Barcode Date last seen Price effective from Koha item type
          MACHAKOS UNIVERSITY LIBRARY MACHAKOS UNIVERSITY LIBRARY Special Collection 16/10/2025 Falcon books 660.00   PR9369.3.F84 B56 1989 40326 10/06/2026 23/03/2026 Hard Covered Materials
          MACHAKOS UNIVERSITY LIBRARY MACHAKOS UNIVERSITY LIBRARY Special Collection 16/10/2025 Falcon books 660.00   PR9369.3.F84 B56 1989 40327 10/06/2026 23/03/2026 Hard Covered Materials
© Machakos University Library, Along The Highway, Machakos Wote Rd, Machakos, Kenya P.O. Box 136 - 90100 Machakos - Kenya

Tel: ( +254 ) 723 805829 OR Fax : 044-20353 OR Email: library@mksu.ac.ke